Fire Emblem Heroes Bow Infantry Units - Statistics

General Stats
  • This quiz has been taken 109 times
    4 since last reset
  • The average score is 54 of 66
Answer Stats
Answer % Correct
Alm (Attuned)
100%
Alm (Legendary)
100%
Brigid
100%
Brigid (Pirate)
100%
Corrin (M) (New Year)
100%
Dorothy
100%
Etie
100%
Febail
100%
Gordin
100%
Igrene
100%
Igrene (Desert)
100%
Jamke
100%
Jeorge
100%
Kiragi
100%
Klein
100%
Leon
100%
Leonardo
100%
Louise
100%
Lucina (Emblem)
100%
Lucina (Legendary)
100%
Lyn (Emblem)
100%
Lyn (Legendary)
100%
Neimi
100%
Noire
100%
Noire (Summer)
100%
Norne
100%
Rebecca
100%
Rebecca (Young)
100%
Ronan
100%
Setsuna
100%
Shamir
100%
Shinon
100%
Shinon (Ninja)
100%
Takumi
100%
Takumi (Fallen)
100%
Tanya
100%
Virion
100%
Wil
100%
Alcryst
67%
Alcryst (Wedding)
67%
Anna (New Year)
67%
Candace
67%
Castor
67%
Chrom (Arena)
67%
Chrom (Devotion)
67%
Chrom (Legendary)
67%
Cordelia (Wedding)
67%
Cyril
67%
Eleonora
67%
Gaius (Summer)
67%
Ignatz
67%
Innes
67%
Innes (New Year)
67%
Innes (Young)
67%
Midori
67%
Niles
67%
Nina
67%
Shura
67%
Ullr
67%
Clarisse
33%
Faye
33%
Jorge
33%
Joshua (Summer)
33%
Linhardt (Spring)
33%
Nephenee (Performing)
33%
Yunaka (Ninja)
33%
No matching quizzes found
Score Distribution
Percent of People with Each Score
Percentile by Number Answered
Your Score History
You have not taken this quiz since the last reset